Statistics for Super Mario 64 Quiz

Click here to take the quiz!

General Stats

  • This quiz has been taken 122 times
  • The average score is 13 of 13

Answer Stats

HintAnswer% Correct
Bowser stages?3
100%
How about in the basement?4
100%
Second floor?4
100%
How many stages are there on the first floor (excluding basement)?5
100%
Top?2
99%
Total stages (add answers 1-4)?15
98%
How many secret stars are hidden in the castle?15
98%
How many stars in each level (including 100-coin stars)?7
98%
Blue
98%
List the three hidden box colors.Red
98%
Green
97%
How many stars are there in the game?120
96%
How many stars are required to complete the story?70
91%

Score Distribution

Percentile by Number Answered

Percent of People with Each Score

Your Score History

You have not taken this quiz